[Event "GER-chT School WK 4"]
[Site "Playchess.com INT"]
[Date "2020.06.16"]
[Round "4.4"]
[White "Rosenkranz, Anton"]
[Black "Ilhan, Kiwan Noah"]
[Result "1-0"]
[WhiteElo "1524"]
[BlackElo "1655"]
[PlyCount "67"]
[EventDate "2020.06.16"]
[EventType "team-swiss (blitz)"]
[EventRounds "5"]
[EventCountry "GER"]
[SourceTitle "EXT 2021"]
[Source "ChessBase"]
[SourceDate "2020.10.23"]
[SourceVersion "1"]
[SourceVersionDate "2020.10.23"]
[SourceQuality "1"]
[WhiteTeam "Eppendorf Johanneum"]
[BlackTeam "Kerpen SK"]
[WhiteTeamCountry "GER"]
[BlackTeamCountry "GER"]

1. d4 d5 2. c4 dxc4 3. e3 Bf5 4. Bxc4 Nf6 5. Nc3 e6 6. Nf3 Bb4 7. 0-0 Nc6 8. Bb5 Qd7 9. Ne5 Qd6 10. Re1 a6 11. Bxc6+ bxc6 12. a3 Ba5 13. b4 Bb6 14. Nc4 Qd7 15. Nxb6 cxb6 16. e4 Bg4 17. f3 Bh5 18. Bf4 0-0 19. Rc1 Rad8 20. Qa4 h6 21. Qxa6 b5 22. Be5 Ra8 23. Qb6 Rfb8 24. Qc5 Rf8 25. Nb1 Bg6 26. Qxc6 Rad8 27. Qxd7 Nxd7 28. Bd6 Rfe8 29. Rc7 Nb6 30. Rc6 Na4 31. Nc3 Nxc3 32. Rc7 Rc8 33. Rxc8 Rxc8 34. Rc1 1-0